000 00690cam a22002292a 4500
001 001176
003 AR-FADEU
005 20181107062409.0
008 311216n1967####xxu####################dd
040 _cBiblioteca Ernesto Sábato
092 _a323.3
_bI31
_eJRR
100 _ade Imaz, José Luis
245 _aLos que mandan
250 _a7a. ed
260 _aBuenos Aires
260 _bEUDEBA
260 _c1967
300 _a250 p
440 _aInformes y monografías de Eudeba
650 _aARGENTINA 1936-1967; ARGENTINA-ELITE DIRIGENTE; GOBIERNO-ARGENTINA; FUERZAS ARMADAS; IGLESIA; SOCIEDAD RURAL; EMPRESARIO-PODER; SINDICATOS-DIRIGENTES/JRR/
942 _cJRR
_2ddc
999 _c33106
_d33106